000 00490nam a2200157 i 4500
001 97078
003 ES-MaACL
005 20230906182031.0
007 t|
008 050706s1973 sp ||||1| spa d
245 0 0 _aManual de técnicas de parasitología veterinaria /
_ctraducido por José María Tarazona Vilas.
260 _aZaragoza :
_bAcribia,
_c1973.
300 _a196 p. :
_bil. ;
_c22 cm.
700 1 _aTarazona Vilas, José María.
_9109269
852 _aES-MaACL
_jC-52469
_bR.85758
999 _c97078
_d97078